Riadenie rizík v medzinárodnom marketingu diplomová práca

Enregistré dans:
Détails bibliographiques
Auteur principal: Kráľová, Natália
Collectivité auteur: Podnikovohospodárska fakulta EU so sídlom v Košiciach. Katedra obchodného podnikania
Autres auteurs: Zuzik, Jozef, 1985-
Format: Livre
Langue:slovaque
Publié: Košice 2023
Tags: Ajouter un tag
Pas de tags, Soyez le premier à ajouter un tag!

MARC

LEADER 00000nbm a2200000 4500
001 0292916
005 20240624094126.0
041 0 |a slo 
044 |a SK 
245 1 0 |a Riadenie rizík v medzinárodnom marketingu  |b diplomová práca  |c Natália Kráľová ; školiteľ: Jozef Zuzik 
264 1 |a Košice  |c 2023 
300 |a 84 s. 
100 1 |a Kráľová, Natália 
700 1 |a Zuzik, Jozef, 1985- 
710 2 |a Podnikovohospodárska fakulta EU so sídlom v Košiciach. Katedra obchodného podnikania